000
00264nam a22001097a 4500
008
170118b xxu||||| |||| 00| 0 eng d
020
_a
0761918213
041
_a
eng
080
_a
618.2
245
_a
HANDBOOK OF STRESS, COPING AND HEALTH
_c
RICE, V.H
942
_2
udc
_c
BK
999
_c
3119
_d
3119